Estadísticas para Todas las banderas del mundo

Haz click aquí para intentar la prueba.

Estadísticas generales

  • Esta prueba ha sido intentada 27 veces
  • La puntuación promedio es 160 de 248

Estadísticas de respuestas

Respuesta% Correcto
Albania
100%
Andorra
100%
Angola
100%
Arabia Saudita
100%
Argentina
100%
Armenia
100%
Australia
100%
Alemania
93%
Antigua y Barbuda
93%
Argelia
93%
Austria
93%
Bangladés
93%
Barbados
93%
Bélgica
93%
Afganistán
87%
Bahamas
87%
Baréin
87%
Belice
80%
Bolivia
80%
Bosnia y Herzegovina
80%
Brasil
80%
Bután
80%
Canadá
80%
Chile
80%
China
80%
Chipre
80%
Ciudad del Vaticano
80%
Colombia
80%
Corea del Norte
80%
Corea del Sur
80%
Croacia
80%
Cuba
80%
Dinamarca
80%
Ecuador
80%
Egipto
80%
El Salvador
80%
Emiratos Árabes Unidos
80%
Escocia
80%
Eslovaquia
80%
Eslovenia
80%
España
80%
Estados Unidos
80%
Estonia
80%
Finlandia
80%
Fiyi
80%
Francia
80%
Azerbaiyán
73%
Brunéi
73%
Burundi
73%
Camboya
73%
Camerún
73%
Catar
73%
Costa de Marfil
73%
Costa Rica
73%
Dominica
73%
Estados Federados de Micronesia
73%
Filipinas
73%
Gáles
73%
Georgia
73%
Ghana
73%
Grecia
73%
Guatemala
73%
Haití
73%
Honduras
73%
India
73%
Indonesia
73%
Inglaterra
73%
Irak
73%
Irán
73%
Irlanda
73%
Islandia
73%
Israel
73%
Italia
73%
Jamaica
73%
Japón
73%
Kiribati
73%
Líbano
73%
Liberia
73%
Luxemburgo
73%
Marruecos
73%
México
73%
Moldavia
73%
Mónaco
73%
Mozambique
73%
Nepal
73%
Nicaragua
73%
Níger
73%
Nigeria
73%
Noruega
73%
Países Bajos
73%
Pakistán
73%
Panamá
73%
Paraguay
73%
Portugal
73%
Puerto Rico
73%
Reino Unido
73%
República Checa
73%
Rumania
73%
Rusia
73%
Anguila
67%
Benín
67%
Bielorrusia
67%
Botsuana
67%
Bulgaria
67%
Burkina Faso
67%
Chad
67%
Eritrea
67%
Etiopía
67%
Gabón
67%
Gambia
67%
Gibraltar
67%
Hungría
67%
Jordania
67%
Kenia
67%
Kirguistán
67%
Kosovo
67%
Laos
67%
Lesoto
67%
Letonia
67%
Libia
67%
Lituania
67%
Macedonia del Norte
67%
Malasia
67%
Malí
67%
Malta
67%
Mayotte
67%
Nueva Zelanda
67%
Palaos
67%
Palestina
67%
Papúa Nueva Guinea
67%
Perú
67%
Polonia
67%
República del Congo
67%
República Dominicana
67%
San Cristóbal y Nieves
67%
Serbia
67%
Seychelles
67%
Siria
67%
Somalia
67%
Sri Lanka
67%
Sudáfrica
67%
Suecia
67%
Suiza
67%
Trinidad y Tobago
67%
Túnez
67%
Turquía
67%
Ucrania
67%
Uganda
67%
Uruguay
67%
Venezuela
67%
Vietnam
67%
Cabo Verde
60%
Comoras
60%
Granada
60%
Groenlandia
60%
Guam
60%
Guinea
60%
Guinea Ecuatorial
60%
Islas Salomón
60%
Kazajistán
60%
Kuwait
60%
Liechtenstein
60%
Madagascar
60%
Maldivas
60%
Mauricio
60%
Mauritania
60%
Mongolia
60%
Montenegro
60%
Myanmar
60%
Namibia
60%
Nauru
60%
República Centroafricana
60%
Ruanda
60%
Samoa
60%
San Marino
60%
Santa Lucía
60%
San Vicente y las Granadinas
60%
Senegal
60%
Sierra Leona
60%
Singapur
60%
Surinam
60%
Tailandia
60%
Taiwán
60%
Tanzania
60%
Togo
60%
Uzbekistán
60%
Yemen
60%
Zambia
60%
Zimbabue
60%
Abjasia
53%
Guinea-Bisáu
53%
Guyana
53%
Hong Kong
53%
Isla de Man
53%
Isla Norfolk
53%
Islas Marshall
53%
Macao
53%
Malaui
53%
Nueva Caledonia
53%
Omán
53%
Polinesia Francesa
53%
República Democrática del Congo
53%
Santo Tomé y Príncipe
53%
Sudán
53%
Sudán del Sur
53%
Tayikistán
53%
Timor Oriental
53%
Tonga
53%
Turkmenistán
53%
Tuvalu
53%
Vanuatu
53%
Yibuti
53%
Esuatini
47%
Isla de Navidad
47%
Islas Cook
47%
Islas Feroe
47%
Islas Malvinas
47%
Bermudas
40%
Chipre del Norte
40%
Guayana Francesa
40%
Guernsey
40%
Islas Cocos
40%
Islas Pitcairn
40%
Islas Vírgenes de los Estados Unidos
40%
Jersey
40%
Osetia del Sur
40%
Samoa Americana
40%
Tokelau
40%
Guadalupe
33%
Irlanda del Norte
33%
Islas Caimán
33%
Islas Marianas del Norte
33%
Islas Vírgenes Británicas
33%
Montserrat
33%
Niue
33%
Transnistria
33%
Wallis y Futuna
33%
Islas Turcas y Caicos
27%
República Árabe Saharaui Democrática
27%
Reunión
27%
San Bartolomé
27%
Somalilandia
27%
Isla Santa Elena
20%
Isla Ascensión
13%
Islas Georgias del Sur y Sandwich del Sur
13%
Martinica
13%
Sint Maarten
7%
Tristán de Acuña
7%

Distribución de puntuación

Porcentaje por número respondido

Porcentaje de gente con cada puntuación

Historial de tus puntuaciones

No has intentado esta prueba.